LEADER 00733nam0-22002651i-450- 001 990004000110403321 005 20040217102040.0 035 $a000400011 035 $aFED01000400011 035 $a(Aleph)000400011FED01 035 $a000400011 100 $a20040217d1954----km-y0itay50------ba 101 0 $aita 200 1 $aOspedali e assistenza sanitaria$fS. Tomaselli 210 $aTorino$cTip. Torinese$d1954 215 $a2 v. (XXVII, 742 p.)$dIll.$d25 cm 610 0 $aOspedali 700 1$aTomaselli,$bSalvatore$05792 801 0$aIT$bUNINA$gRICA$2UNIMARC 901 $aBK 912 $a990004000110403321 952 $a15 F/8-55$fDINID 959 $aDINID 996 $aOspedali e assistenza sanitaria$9471752 997 $aUNINA LEADER 01208nam0-22003731i-450- 001 990005480590203316 005 20010829120000.0 035 $a000548059 035 $aUSA01000548059 035 $a(ALEPH)000548059USA01 035 $a000548059 100 $a20010829d1998-------|0enac50------ba 101 $aeng 102 $aGB 105 $a|||| ||||| 200 1 $aCurrency competition and foreing exchange market$ethe Dollar, the Yen and the Euro$fPhilipp Hartmann 210 $aCambridge$cCambridge University Press$d1998 215 $a196 p.$cgraf.$d23 cm. 606 $aUnione monetaria$xUnione paesi europei$2FI 620 $dCambridge 676 $a332.456$cTassi di cambio e loro determinazione$v21 700 1$aHARTMANN,$bPhilipp$0120696 712 $aCambridge University Press 801 $aIT$bSOL$c20120104 912 $a990005480590203316 950 $aDIP.TO SCIENZE ECONOMICHE - (SA)$dDS 300 332.456 HAR$e289 DISES 951 $a300 332.456 HAR$b289 DISES 959 $aBK 969 $aDISES 979 $c20121027$lUSA01$h1532 979 $c20121027$lUSA01$h1613 996 $aCurrency competition and foreing exchange market$91128758 997 $aUNISA NUM $aUSA8484